00439nam a22001577a 4500003000400000008004100004082001700045100001900062245008600081260003200167300001000199502001500209650003100224650001700255650000900272OSt260429b |||||||| |||| 00| 0 eng d a634.44bM66S aMishra, Shashi aStudies on the Quality and Shelf-Life of Some Mango Hybrids (Mangifera Indica L.) aPusa, SamastipurbRAUc1998 a114P. bMsc.d1998 aFruit and Fruit Technology aHorticulture aMsc.